000 00464cam a22001337a 4500
008 180718b xxu||||| |||| 00| 0 eng d
082 _aA99 G1512t
245 _aTowards new beginnings : a global perspective of the human dilemma
_cIndira Gandhi Memorial Trust
260 _aNew Delhi
_bRoli
_c
300 _a345p.
650 _aIndia -- Politics and government -- 1947-
650 _aWomen prime ministers -- India -- Biography
650 _aGandhi, Indira, -- 1917-1984
999 _c503207
_d503207